La ciudad y los otros : miradas e imágenes urbanas en los relatos de viajeros (Record no. 97430)
[ view plain ]
| 000 -LEADER | |
|---|---|
| campo de control de longitud fija | 00496nmm a2200145Ia 4500 |
| 008 - DATOS DE LONGITUD FIJA--INFORMACIÓN GENERAL | |
| campo de control de longitud fija | 251105s9999||||xx |||||||||||||||||und|| |
| 020 ## - NÚMERO INTERNACIONAL ESTÁNDAR DEL LIBRO | |
| Número Internacional Estándar del Libro | 9789875842335 |
| 041 ## - CÓDIGO DE IDIOMA | |
| Código de lengua del texto/banda sonora o título independiente | spa |
| 100 ## - ENTRADA PRINCIPAL--NOMBRE DE PERSONA | |
| Nombre de persona | Martínez Nespral, Fernando Luis (Compilador) |
| 245 #0 - MENCIÓN DEL TÍTULO | |
| Título | La ciudad y los otros : miradas e imágenes urbanas en los relatos de viajeros |
| 264 ## - PRODUCCIÓN, PUBLICACIÓN, DISTRIBUCIÓN, FABRICACIÓN Y COPYRIGHT | |
| Producción, publicación, distribución, fabricación y copyright | [Buenos Aires, Argentina] : |
| Nombre del de productor, editor, distribuidor, fabricante | Editorial Nobuko, |
| Fecha de producción, publicación, distribución, fabricación o copyright | 2011 |
| 300 ## - DESCRIPCIÓN FÍSICA | |
| Extensión | 162 páginas |
| 856 ## - LOCALIZACIÓN Y ACCESO ELECTRÓNICOS | |
| Identificador Uniforme de Recursos | <a href="https://public.digitaliapublishing.com/a/34188">https://public.digitaliapublishing.com/a/34188</a> |
| 942 ## - ELEMENTOS DE ENTRADA SECUNDARIOS (KOHA) | |
| Tipo de ítem Koha | Libro Digital |
No items available.